00646nam a22002297a 4500003000500000005001700005008004100022010001000063011001000073035001000083040000900093082001500102100002600117245005100143260006900194300001900263490003000282650003000312650001500342700002900357830003000386CHAP20220817042448.0971013s1995 r 00010 d a45481 a46453 a50594 cCHAP a634.73bC300aCaruso, Frank L.eed. aCompendium of blueberry and cranberry diseases aSt. Paul, Minn. :bThe American Phytopathological Society,c1995 a87 p.b: ilus. aDisease compendium series14aArándanoxEnfermedades.14aVaccinium.0 aRamsdell, Donald C.eed.0 aDisease compendium series